000 00591nam a22002297a 4500
003 UA-OsUOA
001 51952
007 ta
008 20080128b un ||||| |||| 00| 0 ukr d
100 _aВишневский К.
090 _a82.09
_bВ55
942 _cBK
040 _aUA-OsUOA
_brus
_cUA-OsUOA
_dUA-OsUOA
245 _aМир глазами поэта
300 _a174 с.
955 _a1
041 _arus
080 _a82.09
260 _aМ.
_bПросвещение
_c1979
650 7 _a82 Література. Літературознавство
_2UDC
999 _c338044
_d338044